| 000 | 00423nam a2200181Ia 4500 | ||
|---|---|---|---|
| 008 | 160319s9999 xx 000 0 und d | ||
| 020 | _a0-439683750 | ||
| 050 | _a599.665 | ||
| 050 | _bH817 2004 | ||
| 245 | _aHorses / | ||
| 260 | _bTangerine Press. | ||
| 260 | _c2004 | ||
| 300 | _a32 pages : | ||
| 300 | _bcolor illustrations : | ||
| 440 | _aPocket pages. | ||
| 700 | _aHoughton, Kit | ||
| 700 | _aLangrish, Bob | ||
| 999 |
_c292015 _d292015 |
||